Southville International School and Colleges
Your cart is empty.
  • Cart
  • Lists
    Public lists Eva Luna New books Lux_list list_1
    Your lists Log in to create your own lists
  • Log in to your account
  • Your cookies
  • Search history
Southville International School and Colleges
  • Advanced search
  • Recent comments
  • Most popular
  • Libraries

Log in to your account

Log in with GOOGLE


If you do not have an external account, but do have a local account, you can still log in:

  1. Home
  2. MARC view: Introduction to clinical pharmacology /
Normal view MARC view ISBD view

Introduction to clinical pharmacology / (Record no. 117580)

[ view plain ]
MARC details
000 -LEADER
fixed length control field 00539nam a2200169Ia 4500
008 - FIXED-LENGTH DATA ELEMENTS--GENERAL INFORMATION
fixed length control field 140529s9999 xx 000 0 und d
020 ## - INTERNATIONAL STANDARD BOOK NUMBER
International Standard Book Number 9780323073981
050 ## - LIBRARY OF CONGRESS CALL NUMBER
Classification number RM 301.28
Item number .Ed59 2013
100 ## - MAIN ENTRY--PERSONAL NAME
Personal name Edmunds, Marilyn Winterton.
245 ## - TITLE STATEMENT
Title Introduction to clinical pharmacology /
Statement of responsibility, etc Marilyn Winterton Edmunds
250 ## - EDITION STATEMENT
Edition statement 7th ed.
260 ## - PUBLICATION, DISTRIBUTION, ETC. (IMPRINT)
Place of publication, distribution, etc St. Louis, Mo :
Name of publisher, distributor, etc Mosby/Elsevier,
Date of publication, distribution, etc c2013.
300 ## - PHYSICAL DESCRIPTION
Extent 493 p. :
Other physical details col. ill. ;
Dimensions 28 cm.
500 ## - GENERAL NOTE
General note Includes appendix, glossary and index.
942 ## - ADDED ENTRY ELEMENTS (KOHA)
Call number prefix Foreign
Koha item type Books
Holdings
Withdrawn status Lost status Damaged status Home library Current library Shelving location Date acquired Cost, normal purchase price Total Checkouts Total Renewals Full call number Barcode Date last seen Date checked out Price effective from Koha item type
      South SEED-LPDH College Library South SEED-LPDH College Library South SEED-LPDH College Section 05/30/2014 5089.00 2 22 RM 301.28 .Ed59 2013 SSLC1319 02/15/2019 01/28/2019 05/30/2014 Books

Introduction to clinical pharmacology /

APA

Edmunds M. W., . (2013). Introduction to clinical pharmacology. St. Louis, Mo: Mosby/Elsevier.

Chicago

Edmunds Marilyn Winterton, . 2013. Introduction to clinical pharmacology. St. Louis, Mo: Mosby/Elsevier.

Harvard

Edmunds M. W., . (2013). Introduction to clinical pharmacology. St. Louis, Mo: Mosby/Elsevier.

MLA

Edmunds Marilyn Winterton, . Introduction to clinical pharmacology. St. Louis, Mo: Mosby/Elsevier. 2013.

  • Place hold
  • Print
  • Cite
  • Add to your cart (remove)
  • Save record
    BIBTEX Dublin Core MARCXML MARC (non-Unicode/MARC-8) MARC (Unicode/UTF-8) MARC (Unicode/UTF-8, Standard) MODS (XML) RIS
  • More searches
    Search for this title in:
    Other Libraries (WorldCat) Other Databases (Google Scholar) Online Stores (Bookfinder.com) Open Library (openlibrary.org)

Exporting to Dublin Core...

SOUTHVILLE LIBRARY

Southville International School and Colleges Library

1281 Tropical Ave. Cor. Luxembourg St., BF Homes International, Las Pinas City

Tel. No. 8256374 / 252358 Loc. 117/146

Powered by Koha